[Event "BL 0203 Solinger SG - SG Köln Porz"]
[Site "?"]
[Date "2003.03.09"]
[Round "12.1"]
[White "Lutz, Christopher"]
[Black "Piket, Jeroen"]
[Result "1/2-1/2"]
[WhiteElo "2645"]
[BlackElo "2646"]
[PlyCount "43"]
[EventDate "2003.??.??"]

1. e4 e5 2. Nf3 Nc6 3. Bb5 a6 4. Ba4 Nf6 5. O-O Be7 6. Re1 b5 7. Bb3 d6 8. c3
O-O 9. h3 Na5 10. Bc2 c5 11. d4 Qc7 12. Nbd2 cxd4 13. cxd4 Bd7 14. Nf1 Rac8 15.
Ne3 Rfe8 16. b3 Nc6 17. Bb2 Bd8 18. Rc1 Qa7 19. Nd5 h6 20. dxe5 dxe5 21. Bb1
Nh7 22. Qd3 {(=)} 1/2-1/2

[Event "BL 0203 Solinger SG - SG Köln Porz"]
[Site "?"]
[Date "2003.03.09"]
[Round "12.2"]
[White "Kasimdzhanov, Rustam"]
[Black "Sokolov, Ivan"]
[Result "1/2-1/2"]
[WhiteElo "2653"]
[BlackElo "2684"]
[PlyCount "70"]
[EventDate "2003.??.??"]

1. e4 e5 2. Nf3 Nc6 3. Bb5 a6 4. Ba4 Nf6 5. O-O Be7 6. Re1 b5 7. Bb3 d5 8. c3
O-O 9. h3 Bb7 10. d4 Re8 11. Nbd2 Bf8 12. a4 h6 13. Bc2 Qd7 14. exd5 Ne7 15. b3
c6 16. c4 Qc7 17. Nf1 Nd7 18. Ne3 Rec8 19. dxc6 Bxc6 20. Ba3 Ng6 21. Nd2 Nf4
22. Rc1 Qd8 23. Nd5 Ne6 24. axb5 axb5 25. Bb4 Nxd4 26. Bd3 bxc4 27. Bxc4 Nb6
28. Nxb6 Qxb6 29. Bc3 Be7 30. Qh5 Ne6 31. Re3 Bg5 32. Nf3 Qb7 33. Bxe6 fxe6 34.
Qg4 Qe7 35. Ne1 Qe8 1/2-1/2

[Event "BL 0203 Solinger SG - SG Köln Porz"]
[Site "?"]
[Date "2003.03.09"]
[Round "12.3"]
[White "Andersson, Ulf"]
[Black "Jussupow, Artur"]
[Result "1/2-1/2"]
[WhiteElo "2599"]
[BlackElo "2622"]
[PlyCount "32"]
[EventDate "2003.??.??"]

1. d4 Nf6 2. Nf3 e6 3. g3 d5 4. c4 Bb4+ 5. Bd2 Be7 6. Bg2 O-O 7. O-O c6 8. Qb3
Nbd7 9. Bb4 b6 10. Bxe7 Qxe7 11. Nc3 Bb7 12. Rac1 Rac8 13. Rfd1 dxc4 14. Qxc4
c5 15. Ne1 Bxg2 16. Nxg2 cxd4 1/2-1/2

[Event "BL 0203 Solinger SG - SG Köln Porz"]
[Site "?"]
[Date "2003.03.09"]
[Round "12.4"]
[White "Sadler, Matthew"]
[Black "Gurevich, Mikhail"]
[Result "1/2-1/2"]
[WhiteElo "2624"]
[BlackElo "2634"]
[PlyCount "70"]
[EventDate "2003.??.??"]

1. d4 d5 2. c4 c6 3. Nf3 Nf6 4. Nc3 e6 5. e3 a6 6. Qc2 c5 7. cxd5 exd5 8. Be2
Nc6 9. O-O Be6 10. Ne5 Rc8 11. Qa4 Qc7 12. Bd2 Bd6 13. Nxc6 Bd7 14. dxc5 Bxh2+
15. Kh1 Bxc6 16. Qh4 Be5 17. f4 Bxc3 18. Bxc3 Qe7 19. Bd3 Bb5 20. Bxb5+ axb5
21. Rf3 Rxc5 22. Bb4 b6 23. Rd1 O-O 24. Rg3 Re8 25. Qg5 g6 26. Rf3 Kg7 27. Bxc5
bxc5 28. Qh4 h6 29. Rh3 Rh8 30. a3 Qd7 31. Rg1 Qf5 32. Qe1 Rb8 33. Qc3 b4 34.
Qxc5 bxa3 35. Qxa3 Qc2 1/2-1/2

[Event "BL 0203 Solinger SG - SG Köln Porz"]
[Site "?"]
[Date "2003.03.09"]
[Round "12.5"]
[White "Hansen, Curt"]
[Black "Naumann, Alexander"]
[Result "1-0"]
[WhiteElo "2610"]
[BlackElo "2513"]
[PlyCount "85"]
[EventDate "2003.??.??"]

1. Nf3 Nf6 2. c4 e6 3. d4 d5 4. g3 c5 5. cxd5 exd5 6. Bg2 Nc6 7. O-O Be7 8. Nc3
O-O 9. Bg5 c4 10. Ne5 Be6 11. e3 Nd7 12. Nxc6 bxc6 13. Bxe7 Qxe7 14. Qa4 Rfc8
15. Rfe1 Nb6 16. Qc2 Rab8 17. Rad1 Qd7 18. e4 Bg4 19. Rd2 Re8 20. Qc1 Re7 21.
e5 Qc8 22. h4 Bf5 23. Kh2 Qa6 24. b3 cxb3 25. axb3 h6 26. Ra2 Qb7 27. Qf4 Be6
28. Rea1 Rf8 29. Qe3 Bf5 30. Qd2 f6 31. f4 Kh8 32. Nd1 Be4 33. Bxe4 dxe4 34.
Rxa7 Qxa7 35. Rxa7 Rxa7 36. Qb4 Rb8 37. Qd6 Rc8 38. exf6 Nd5 39. fxg7+ Kxg7 40.
h5 Nf6 41. Ne3 Rf7 42. Qe6 Rcf8 43. g4 1-0

[Event "BL 0203 Solinger SG - SG Köln Porz"]
[Site "?"]
[Date "2003.03.09"]
[Round "12.6"]
[White "Sandipan, Chanda"]
[Black "Graf, Alexander"]
[Result "0-1"]
[WhiteElo "2510"]
[BlackElo "2635"]
[PlyCount "56"]
[EventDate "2003.??.??"]

1. e4 c5 2. Nf3 e6 3. d4 cxd4 4. Nxd4 Nf6 5. Nc3 d6 6. Be3 a6 7. f3 b5 8. g4
Bb7 9. Qd2 Nc6 10. O-O-O Ne5 11. g5 Nfd7 12. f4 b4 13. Na4 Bxe4 14. fxe5 Bxh1
15. Bg2 Bxg2 16. Qxg2 Rc8 17. g6 hxg6 18. Nxe6 Qh4 19. exd6 Bxd6 20. Qb7 Rb8
21. Nxg7+ Ke7 22. Qc6 Qf6 23. Nc5 Nxc5 24. Rxd6 Nd3+ 25. cxd3 Qf1+ 26. Kc2
Rxh2+ 27. Bd2 Rxd2+ 28. Kxd2 Qf4+ 0-1

[Event "BL 0203 Solinger SG - SG Köln Porz"]
[Site "?"]
[Date "2003.03.09"]
[Round "12.7"]
[White "Van den Doel, Erik"]
[Black "Stellwagen, Daniel"]
[Result "1-0"]
[WhiteElo "2594"]
[BlackElo "2426"]
[PlyCount "69"]
[EventDate "2003.??.??"]

1. e4 e6 2. d4 d5 3. Nc3 Nf6 4. Bg5 Bb4 5. e5 h6 6. Bd2 Bxc3 7. bxc3 Ne4 8. Qg4
g6 9. Bc1 c5 10. Ne2 cxd4 11. cxd4 Qc7 12. f3 Nc3 13. Bd2 Nxe2 14. Bxe2 Nc6 15.
Rb1 Bd7 16. O-O O-O-O 17. Qf4 f6 18. exf6 Qxf4 19. Bxf4 Nxd4 20. Ba6 Bc6 21.
Bd3 Be8 22. Rfe1 Bf7 23. c4 e5 24. Rxe5 Nc6 25. Rxd5 Bxd5 26. cxd5 Rxd5 27.
Bxg6 Rf8 28. Be4 Rxf6 29. Bxd5 Rxf4 30. Be4 Kc7 31. g4 Rf7 32. Kf2 Kd6 33. h4
Ne5 34. Kg3 b6 35. Rd1+ 1-0

[Event "BL 0203 Solinger SG - SG Köln Porz"]
[Site "?"]
[Date "2003.03.09"]
[Round "12.8"]
[White "Werle, Jan"]
[Black "Kengis, Edwin"]
[Result "1/2-1/2"]
[WhiteElo "2434"]
[BlackElo "2570"]
[PlyCount "52"]
[EventDate "2003.??.??"]

1. Nf3 b6 2. c4 Bb7 3. g3 Bxf3 4. exf3 c5 5. b3 Nc6 6. f4 e6 7. Bg2 Be7 8. Nc3
Nf6 9. O-O Rc8 10. g4 g6 11. d3 O-O 12. f5 exf5 13. gxf5 Nd4 14. fxg6 hxg6 15.
f4 Ne8 16. Nd5 Bf6 17. Bb2 Bg7 18. Re1 Nf5 19. Qd2 Bxb2 20. Qxb2 Rc6 21. b4 Re6
22. bxc5 bxc5 23. Qf2 d6 24. Rab1 Nf6 25. Bh3 Qd7 26. Rxe6 fxe6 1/2-1/2

[Event "BL 0203 SV Wattenscheid - Godesberger S"]
[Site "?"]
[Date "2003.03.09"]
[Round "12.1"]
[White "Breder, Dennis"]
[Black "Aronian, Levon"]
[Result "0-1"]
[WhiteElo "2440"]
[BlackElo "2581"]
[PlyCount "79"]
[EventDate "2003.??.??"]

1. e4 e5 2. Nf3 Nc6 3. Nc3 Nf6 4. d4 exd4 5. Nxd4 Bb4 6. Nxc6 bxc6 7. Bd3 d5 8.
exd5 cxd5 9. O-O O-O 10. Bg5 c6 11. Qf3 Be7 12. h3 h6 13. Bd2 Nh7 14. Rad1 Ng5
15. Qh5 Rb8 16. b3 Rb4 17. f4 Nh7 18. Ne2 Nf6 19. Qf3 Rb8 20. Ng3 {(=)} c5 21.
c4 d4 22. Nf5 Re8 23. Qg3 Bxf5 24. Bxf5 Bd6 25. Qf3 Bc7 26. Rfe1 Qd6 27. g3 Qa6
28. Bb1 Ba5 29. Re5 Nd7 30. Rd5 Bxd2 31. Rxd7 Qe6 32. Qd5 Qe3+ 33. Kh1 Qxg3 34.
Qg2 Re1+ 35. Rxe1 Qxe1+ 36. Qg1 Re8 37. Bf5 g6 38. Bd3 Qe6 39. Qg4 f5 40. Bxf5
0-1

[Event "BL 0203 SV Wattenscheid - Godesberger S"]
[Site "?"]
[Date "2003.03.09"]
[Round "12.2"]
[White "Rustemov, Alexander"]
[Black "Sprenger, Jan-Michael"]
[Result "1/2-1/2"]
[WhiteElo "2597"]
[BlackElo "2430"]
[PlyCount "63"]
[EventDate "2003.??.??"]

1. c4 e6 2. g3 d5 3. Bg2 Nf6 4. Nf3 dxc4 5. Qa4+ c6 6. Qxc4 b5 7. Qc2 Bb7 8.
O-O Nbd7 9. b3 c5 10. Bb2 Be7 11. a4 a6 12. Nc3 Qb6 13. axb5 axb5 14. Rxa8+
Bxa8 15. Qd3 O-O 16. Qxb5 Qxb5 17. Nxb5 Rb8 18. Nc3 Rxb3 19. Ba1 Nd5 {(=)} 20.
Rc1 f6 21. d3 Kf7 22. Nd2 Rb8 23. h4 N7b6 24. Nce4 Rc8 25. Bf3 h6 26. h5 f5 27.
Nc3 Nf6 28. e4 Rd8 29. exf5 exf5 30. Be2 Ng4 31. Rb1 Nd7 32. Na4 {(=)} 1/2-1/2

[Event "BL 0203 SV Wattenscheid - Godesberger S"]
[Site "?"]
[Date "2003.03.09"]
[Round "12.3"]
[White "Langheinrich, Ferenc"]
[Black "De Vreugt, Dennis"]
[Result "1/2-1/2"]
[WhiteElo "2363"]
[BlackElo "2501"]
[PlyCount "55"]
[EventDate "2003.??.??"]

1. e4 c5 2. Nf3 Nc6 3. Bb5 g6 4. O-O Bg7 5. Re1 Nf6 6. e5 Nd5 7. Nc3 Nc7 8.
Bxc6 dxc6 9. d3 b6 10. Be3 Nd5 11. Nxd5 Qxd5 12. h3 O-O 13. c4 Qd8 14. Qd2 Bf5
15. Rad1 Qc7 16. Bh6 Rfd8 17. Bxg7 Kxg7 18. Qe3 Bc8 19. Qf4 h6 20. Re3 Be6 21.
Rc1 Qc8 22. Rc3 Rg8 23. h4 Rf8 24. b3 Bg4 25. Nh2 Bf5 26. Nf3 Bg4 27. Nh2 Bf5
28. Nf3 {(=)} 1/2-1/2

[Event "BL 0203 SV Wattenscheid - Godesberger S"]
[Site "?"]
[Date "2003.03.09"]
[Round "12.4"]
[White "Appel, Ralf"]
[Black "Seger, Ruediger"]
[Result "1-0"]
[WhiteElo "2503"]
[BlackElo "2406"]
[PlyCount "51"]
[EventDate "2003.??.??"]

1. Nf3 Nf6 2. c4 g6 3. Nc3 d5 4. cxd5 Nxd5 5. Qa4+ Bd7 6. Qb3 Nb6 7. d4 Be6 8.
Qc2 Nc6 9. e3 Nb4 10. Qd1 c6 11. e4 Bc4 12. Bxc4 Nxc4 13. O-O Qa5 14. Qb3 b5
15. a4 e6 16. Bh6 Bxh6 17. axb5 Qc7 18. Qxc4 Bf8 19. Ra4 a5 20. bxc6 Be7 21. d5
exd5 22. exd5 O-O 23. Nb5 Qb8 24. Rd1 Bd6 25. g3 Re8 26. Raa1 1-0

[Event "BL 0203 SV Wattenscheid - Godesberger S"]
[Site "?"]
[Date "2003.03.09"]
[Round "12.5"]
[White "Jackelen, Thomas"]
[Black "Handke, Florian"]
[Result "1-0"]
[WhiteElo "2415"]
[BlackElo "2504"]
[PlyCount "77"]
[EventDate "2003.??.??"]

1. Nf3 Nf6 2. c4 b6 3. g3 Bb7 4. Bg2 e6 5. O-O c5 6. Nc3 Be7 7. Re1 d6 8. e4
Nbd7 9. d4 cxd4 10. Nxd4 Qc7 11. Ndb5 Qb8 12. f4 O-O 13. Be3 Rd8 14. g4 g6 15.
g5 Nh5 16. Nd4 Ng7 17. f5 Bf8 18. Bh3 Nc5 19. fxe6 fxe6 20. Qf3 Be7 21. b4 Rf8
22. Qe2 e5 23. Nd5 Bxd5 24. exd5 exd4 25. Bxd4 Bxg5 26. bxc5 bxc5 27. Bc3 Bf6
28. Be6+ Kh8 29. Qd2 Qd8 30. Rf1 Bxc3 31. Qxc3 Qg5+ 32. Kh1 Rf4 33. Rxf4 Qxf4
34. Bh3 Re8 35. Rf1 Qd4 36. Qg3 Qxc4 37. Qxd6 Qe4+ 38. Bg2 Nf5 39. Qf6+ 1-0

[Event "BL 0203 SV Wattenscheid - Godesberger S"]
[Site "?"]
[Date "2003.03.09"]
[Round "12.6"]
[White "Holzke, Frank"]
[Black "Heinbuch, Detlef"]
[Result "1-0"]
[WhiteElo "2479"]
[BlackElo "2365"]
[PlyCount "63"]
[EventDate "2003.??.??"]

1. e4 c6 2. d4 d5 3. Nc3 dxe4 4. Nxe4 Nd7 5. Ng5 Ngf6 6. Bd3 e6 7. N1f3 Bd6 8.
Qe2 h6 9. Ne4 Nxe4 10. Qxe4 Qc7 11. Qg4 Kf8 12. O-O e5 13. b3 c5 14. dxc5 Nxc5
15. Bf5 h5 16. Qh3 Ne6 17. Re1 Bd7 18. Ng5 Nxg5 19. Bxg5 Bxf5 20. Qxf5 Re8 21.
Rad1 Re6 22. Qf3 f6 23. c4 Kf7 24. Rd5 e4 25. Rxe4 Rxe4 26. Qxe4 Re8 27. Qb1
fxg5 28. Rxg5 Qe7 29. Qg6+ Kg8 30. g3 Qe1+ 31. Kg2 Rf8 32. Qxg7# 1-0

[Event "BL 0203 SV Wattenscheid - Godesberger S"]
[Site "?"]
[Date "2003.03.09"]
[Round "12.7"]
[White "Schmidt, Bodo"]
[Black "Dinstuhl, Volkmar"]
[Result "0-1"]
[WhiteElo "2360"]
[BlackElo "2416"]
[PlyCount "88"]
[EventDate "2003.??.??"]

1. Nf3 Nf6 2. d4 g6 3. c4 Bg7 4. Nc3 d5 5. e3 O-O 6. b4 b6 7. Qb3 Bb7 8. Bb2 e6
9. Be2 Nbd7 10. O-O dxc4 11. Qxc4 Nd5 12. Rfc1 Rc8 13. Qb3 Nxc3 14. Bxc3 Bd5
15. Qa4 c6 16. Qc2 Bxf3 17. Bxf3 e5 18. Qb2 exd4 19. Bxd4 Bxd4 20. exd4 Qf6 21.
Qc3 Rfe8 22. h3 Qd6 23. g3 Nf6 24. a3 Nd5 25. Qb3 Rcd8 26. Kg2 Re6 27. Ra2 h5
28. Re2 Rxe2 29. Bxe2 h4 30. Bf3 Qf6 31. Rd1 hxg3 32. fxg3 Re8 33. Rd2 Ne3+ 34.
Kf2 Nf5 35. Qc3 Qd6 36. Bg4 Re3 37. Qxe3 Nxe3 38. Kxe3 Qxg3+ 39. Ke2 Qxa3 40.
b5 cxb5 41. d5 Qd6 42. Bf3 b4 43. Kd3 b3 44. Bg2 a5 0-1

[Event "BL 0203 SV Wattenscheid - Godesberger S"]
[Site "?"]
[Date "2003.03.09"]
[Round "12.8"]
[White "Straeter, Timo"]
[Black "Philipowski, Robert"]
[Result "1-0"]
[WhiteElo "2329"]
[BlackElo "2299"]
[PlyCount "89"]
[EventDate "2003.??.??"]

1. d4 Nf6 2. c4 c5 3. d5 b5 4. Nf3 g6 5. Qc2 bxc4 6. e4 d6 7. Bxc4 Bg7 8. O-O
O-O 9. Nc3 Ba6 10. Bxa6 Nxa6 11. Nd2 Nb4 12. Qb1 e6 13. a3 Na6 14. Nc4 Nc7 15.
Qd3 Ng4 16. Bf4 e5 17. Bd2 Bh6 18. f4 Bxf4 19. Bxf4 exf4 20. Rxf4 Ne5 21. Nxe5
dxe5 22. Rf2 Ne8 23. Qc4 Qc8 24. Qe2 Kg7 25. Rc1 Nd6 26. Nb5 Nb7 27. a4 Qd7 28.
b3 a6 29. Na3 Qe7 30. Nc4 Nd6 31. Qe3 Rfc8 32. Nb6 Rab8 33. Nxc8 Rxc8 34. Rfc2
Qh4 35. Rxc5 Rxc5 36. Rxc5 Nxe4 37. Rc4 f5 38. Rc7+ Kf6 39. h3 a5 40. Rc6+ Kg7
41. d6 Qh5 42. Rc7+ Kf6 43. d7 Qd1+ 44. Kh2 Qd6 45. Qb6 1-0

[Event "BL 0203 Lübecker SV - SC Baden Oos"]
[Site "?"]
[Date "2003.03.08"]
[Round "12.1"]
[White "Svidler, Peter"]
[Black "Adams, Michael"]
[Result "1/2-1/2"]
[WhiteElo "2690"]
[BlackElo "2745"]
[PlyCount "57"]
[EventDate "2003.??.??"]

1. e4 e5 2. Nf3 Nc6 3. Bb5 a6 4. Ba4 Nf6 5. O-O Be7 6. Re1 d6 7. c3 Bg4 8. d3
Nd7 9. Be3 h6 10. Nbd2 Bg5 11. Qe2 Bxe3 12. Qxe3 O-O 13. h3 Bh5 14. d4 b5 15.
Bd1 Bg6 16. dxe5 Ncxe5 17. Nxe5 dxe5 18. b4 c5 19. bxc5 Nxc5 20. Qxc5 Qxd2 21.
Bb3 Rac8 22. Qxe5 Rfe8 23. Qg3 Kh8 24. Rad1 Qxc3 25. Qxc3 Rxc3 26. f3 a5 27.
Rd7 f6 28. Rb7 a4 29. Bd5 1/2-1/2

[Event "BL 0203 Lübecker SV - SC Baden Oos"]
[Site "?"]
[Date "2003.03.08"]
[Round "12.2"]
[White "Grischuk, Alexander"]
[Black "Krasenkow, Michal"]
[Result "1/2-1/2"]
[WhiteElo "2702"]
[BlackElo "2651"]
[PlyCount "82"]
[EventDate "2003.??.??"]

1. e4 c5 2. Nf3 e6 3. d4 cxd4 4. Nxd4 Nf6 5. Nc3 Nc6 6. Ndb5 d6 7. Bf4 e5 8.
Bg5 a6 9. Na3 b5 10. Bxf6 gxf6 11. Nd5 f5 12. Bd3 Be6 13. O-O Bxd5 14. exd5 Ne7
15. Qh5 e4 16. Be2 Bg7 17. c3 O-O 18. Nc2 f4 19. Qg5 f5 20. Rfd1 f3 21. gxf3
Kh8 22. Kh1 Rg8 23. Qe3 Ng6 24. Nd4 Be5 25. Nxf5 exf3 26. Qxf3 Qf6 27. Bd3 Nh4
28. Qh5 Rg2 29. f4 Bxf4 30. Ng3 Qh6 31. Qxh6 Bxh6 32. a4 Rxb2 33. axb5 Rf8 34.
Rf1 Rxf1+ 35. Bxf1 axb5 36. Ra8+ Kg7 37. Ra7+ Kg8 38. Ra8+ Kf7 39. Ra7+ Kg8 40.
Ra8+ Kf7 41. Ra7+ Kg8 1/2-1/2

[Event "BL 0203 Lübecker SV - SC Baden Oos"]
[Site "?"]
[Date "2003.03.08"]
[Round "12.3"]
[White "Dautov, Rustem"]
[Black "Shirov, Alexei"]
[Result "1-0"]
[WhiteElo "2617"]
[BlackElo "2699"]
[PlyCount "105"]
[EventDate "2003.??.??"]

1. d4 Nf6 2. c4 g6 3. g3 Bg7 4. Bg2 O-O 5. Nc3 d6 6. Nf3 Nc6 7. O-O a6 8. Qd3
Bd7 9. d5 Nb4 10. Qd1 a5 11. e4 e5 12. Ne1 c6 13. dxc6 Bxc6 14. Be3 b6 15. Nd3
Na6 16. Qe2 Qb8 17. Rfd1 Qb7 18. f3 Rfd8 19. Rd2 Nc5 20. Rad1 Qe7 21. Bh3 Qf8
22. b3 h5 23. Qf2 Rab8 24. Bg5 Ne6 25. Bxe6 fxe6 26. Nb2 Rd7 27. Kg2 Rbb7 28.
h3 Qb8 29. Rd3 Ne8 30. Nba4 Rf7 31. Be3 b5 32. cxb5 Bxb5 33. Nxb5 Rxb5 34. Qc2
Kh7 35. Qc4 d5 36. exd5 Nd6 37. Qc2 e4 38. fxe4 Nxe4 39. d6 Qb7 40. Kg1 Rf3 41.
Qc7 Rxg3+ 42. Kh2 Qa8 43. Bd4 e5 44. d7 Qf8 45. Rxg3 Qf4 46. Rdd3 Nxg3 47. d8=Q
Ne2+ 48. Kg2 Qe4+ 49. Rf3 Nf4+ 50. Kg3 Rd5 51. Qde7 h4+ 52. Kh2 Nh5 53. Rf7 1-0

[Event "BL 0203 Lübecker SV - SC Baden Oos"]
[Site "?"]
[Date "2003.03.08"]
[Round "12.4"]
[White "Lautier, Joel"]
[Black "Huebner, Robert Dr"]
[Result "1/2-1/2"]
[WhiteElo "2665"]
[BlackElo "2640"]
[PlyCount "81"]
[EventDate "2003.??.??"]

1. d4 d5 2. c4 c6 3. Nf3 Nf6 4. e3 Bf5 5. Nc3 e6 6. Nh4 Be4 7. f3 Bg6 8. Qb3
Qb6 9. Nxg6 hxg6 10. Bd2 Nbd7 11. O-O-O Be7 12. Kb1 O-O 13. g4 Qxb3 14. axb3 g5
15. h4 gxh4 16. g5 Nh7 17. f4 f5 18. gxf6 Nhxf6 19. Rxh4 Kf7 20. Rh1 Ng4 21.
Re1 Ndf6 22. Re2 Nh6 23. cxd5 cxd5 24. e4 dxe4 25. Nxe4 Nxe4 26. Rxe4 Nf5 27.
Rg1 b5 28. d5 exd5 29. Re5 Nh4 30. Rg3 a6 31. Bh3 g6 32. Be6+ Kg7 33. Bxd5 Bf6
34. Re6 Ra7 35. Ba5 Nf5 36. Rg1 Nd4 37. Re3 Nf5 38. Re2 Rd7 39. Be4 Kf7 40.
Reg2 Rd4 41. Bc2 1/2-1/2

[Event "BL 0203 Lübecker SV - SC Baden Oos"]
[Site "?"]
[Date "2003.03.08"]
[Round "12.5"]
[White "Doettling, Fabian"]
[Black "Epishin, Vladimir"]
[Result "1/2-1/2"]
[WhiteElo "2539"]
[BlackElo "2628"]
[PlyCount "66"]
[EventDate "2003.??.??"]

1. d4 Nf6 2. Nf3 e6 3. c4 b6 4. g3 Ba6 5. Qa4 Bb7 6. Bg2 g6 7. O-O Bg7 8. Nc3
O-O 9. Rd1 d6 10. Qc2 Qe7 11. e4 Nbd7 12. Rb1 Rac8 13. b3 c5 14. d5 e5 15. Bh3
a6 16. a3 Rc7 17. Qd3 Bc8 18. b4 Kh8 19. Be3 Ng8 20. bxc5 bxc5 21. Bg5 Qe8 22.
Bd2 Bh6 23. Nh4 Qd8 24. Re1 Bg7 25. Nd1 Ra7 26. Ne3 Nh6 27. Rf1 Qe8 28. Bc3 Qe7
29. Kh1 Ng8 30. Qc2 Bf6 31. Nhg2 Bg7 32. Nh4 Bf6 33. Nhg2 Bg7 1/2-1/2

[Event "BL 0203 Lübecker SV - SC Baden Oos"]
[Site "?"]
[Date "2003.03.08"]
[Round "12.7"]
[White "Schlosser, Philipp"]
[Black "Hodgson, Julian M"]
[Result "1/2-1/2"]
[WhiteElo "2534"]
[BlackElo "2608"]
[PlyCount "47"]
[EventDate "2003.??.??"]

1. d4 d6 2. Nf3 Bg4 3. c4 Bxf3 4. exf3 g6 5. Nc3 Bg7 6. g3 Nh6 7. Bh3 O-O 8.
O-O e6 9. d5 Nf5 10. Re1 Nd7 11. Rb1 Nc5 12. Ne4 Nxe4 13. fxe4 Nd4 14. Be3 c5
15. dxc6 Nxc6 16. Re2 Qa5 17. b4 Qh5 18. Kg2 Ne5 19. Rc2 Qxd1 20. Rxd1 Rfc8 21.
c5 dxc5 22. f4 Nc6 23. bxc5 Nb4 24. Rcd2 1/2-1/2

[Event "BL 0203 Lübecker SV - SC Baden Oos"]
[Site "?"]
[Date "2003.03.08"]
[Round "12.8"]
[White "Nunn, John D.M.Dr"]
[Black "Keitlinghaus, Ludger"]
[Result "1-0"]
[WhiteElo "2611"]
[BlackElo "2500"]
[PlyCount "69"]
[EventDate "2003.??.??"]

1. e4 d5 2. exd5 Qxd5 3. Nc3 Qa5 4. d4 c6 5. Bc4 Bf5 6. Bd2 e6 7. g4 Bg6 8. Qe2
Bb4 9. f4 Ne7 10. O-O-O Nd7 11. Nf3 Qc7 12. Ne5 O-O-O 13. a3 Nxe5 14. dxe5 Ba5
15. Qf2 Bb6 16. Be3 Rxd1+ 17. Rxd1 Rd8 18. Rxd8+ Qxd8 19. Bc5 Bxc5 20. Qxc5 b6
21. Qf2 b5 22. Be2 Qb6 23. Qxb6 axb6 24. Kd2 Kd7 25. Bf3 f6 26. exf6 gxf6 27.
h4 h6 28. h5 Bh7 29. Be4 Bg8 30. Bd3 Ke8 31. Ne4 Kf7 32. Nd6+ Kg7 33. c4 bxc4
34. Bxc4 c5 35. Ne8+ 1-0

[Event "BL 0203 Hamburger SK - Stuttgarter Sfr"]
[Site "?"]
[Date "2003.03.08"]
[Round "12.1"]
[White "Hickl, Joerg"]
[Black "Ftacnik, Lubomir"]
[Result "1/2-1/2"]
[WhiteElo "2605"]
[BlackElo "2603"]
[PlyCount "21"]
[EventDate "2003.??.??"]

1. g3 Nf6 2. Bg2 d5 3. Nf3 e6 4. O-O Be7 5. c4 O-O 6. b3 b6 7. Bb2 Bb7 8. e3
Nbd7 9. Nc3 dxc4 10. bxc4 Nc5 11. d4 1/2-1/2

[Event "BL 0203 Hamburger SK - Stuttgarter Sfr"]
[Site "?"]
[Date "2003.03.08"]
[Round "12.2"]
[White "Gustafsson, Jan"]
[Black "Buhmann, Rainer"]
[Result "1-0"]
[WhiteElo "2554"]
[BlackElo "2527"]
[PlyCount "39"]
[EventDate "2003.??.??"]

1. d4 e6 2. c4 b6 3. a3 Bb7 4. Nc3 f5 5. Nh3 g6 6. f3 Bg7 7. e3 Ne7 8. Be2 O-O
9. O-O c5 10. d5 exd5 11. cxd5 Bxc3 12. bxc3 Bxd5 13. c4 Bf7 14. Bb2 h6 15. Qe1
Kh7 16. f4 Nec6 17. Qc3 Rg8 18. Rf3 Be6 19. Ng5+ hxg5 20. Rh3# 1-0

[Event "BL 0203 Hamburger SK - Stuttgarter Sfr"]
[Site "?"]
[Date "2003.03.08"]
[Round "12.3"]
[White "Golubev, Mihail"]
[Black "Berg, Emanuel"]
[Result "1/2-1/2"]
[WhiteElo "2528"]
[BlackElo "2535"]
[PlyCount "58"]
[EventDate "2003.??.??"]

1. e4 e6 2. d4 d5 3. Nc3 Bb4 4. Nge2 Ne7 5. a3 Ba5 6. b4 Bb6 7. e5 c6 8. g3 Nd7
9. Bg2 a5 10. Rb1 O-O 11. O-O Nf5 12. Bh3 axb4 13. axb4 f6 14. Bxf5 exf5 15. e6
Ne5 16. dxe5 fxe5 17. Re1 d4 18. e7 Qxe7 19. b5 dxc3 20. Nf4 Qc7 21. bxc6 Bd4
22. Nd5 Qd6 23. Bf4 Qc5 24. Bxe5 Bxf2+ 25. Kh1 bxc6 26. Nb6 Bxe1 27. Bd6 Qf2
28. Qxe1 Qf3+ 29. Kg1 f4 {Remis wegen Uhrenausfall} 1/2-1/2

[Event "BL 0203 Hamburger SK - Stuttgarter Sfr"]
[Site "?"]
[Date "2003.03.08"]
[Round "12.4"]
[White "Hansen, Sune Berg"]
[Black "Schmittdiel, Eckhard"]
[Result "1/2-1/2"]
[WhiteElo "2555"]
[BlackElo "2491"]
[PlyCount "45"]
[EventDate "2003.??.??"]

1. e4 c5 2. b3 Nc6 3. Bb2 Nf6 4. e5 Nd5 5. Nf3 Nf4 6. g3 Ne6 7. c3 d5 8. d4 g6
9. Bg2 Bg7 10. O-O O-O 11. Na3 a5 12. Nc2 cxd4 13. cxd4 a4 14. b4 Nc7 15. Nfe1
f6 16. f4 Be6 17. a3 Qd7 18. Rc1 Bg4 19. Qd2 Bh3 20. Nd3 Bxg2 21. Kxg2 b6 22.
Qe2 f5 23. Nde1 1/2-1/2

[Event "BL 0203 Hamburger SK - Stuttgarter Sfr"]
[Site "?"]
[Date "2003.03.08"]
[Round "12.5"]
[White "Duppel, Matthias"]
[Black "Wahls, Matthias"]
[Result "0-1"]
[WhiteElo "2440"]
[BlackElo "2539"]
[PlyCount "58"]
[EventDate "2003.??.??"]

1. d4 Nf6 2. c4 e6 3. g3 Bb4+ 4. Bd2 Qe7 5. Nf3 b6 6. Bg2 Bb7 7. Nc3 Bxc3 8.
Bxc3 Ne4 9. Rc1 O-O 10. O-O d6 11. d5 Nxc3 12. Rxc3 e5 13. Nh4 g6 14. e4 Nd7
15. Qe1 Rae8 16. Re3 c6 17. Kh1 a5 18. Rg1 Nc5 19. b3 Qd8 20. Qd2 cxd5 21. cxd5
f5 22. exf5 g5 23. Nf3 Rxf5 24. a3 e4 25. Nd4 Rxd5 26. b4 Qf6 27. bxc5 Rxd4 28.
Qb2 dxc5 29. Rb1 Rd1+ 0-1

[Event "BL 0203 Hamburger SK - Stuttgarter Sfr"]
[Site "?"]
[Date "2003.03.08"]
[Round "12.6"]
[White "Mueller, Karsten"]
[Black "Bunzmann, Dimitri"]
[Result "1/2-1/2"]
[WhiteElo "2518"]
[BlackElo "2498"]
[PlyCount "85"]
[EventDate "2003.??.??"]

1. e4 e6 2. d4 d5 3. Nc3 Bb4 4. exd5 exd5 5. Bd3 Nc6 6. a3 Ba5 7. Nge2 Nge7 8.
O-O O-O 9. Bg5 h6 10. Bh4 Be6 11. Na4 Bb6 12. c3 Qd7 13. Nf4 Bf5 14. Re1 Rfe8
15. Bb5 Ng6 16. Nxg6 Rxe1+ 17. Qxe1 Bxg6 18. Qd2 Re8 19. Bg3 a6 20. Nxb6 cxb6
21. Bf1 Na5 22. Re1 Nc4 23. Rxe8+ Qxe8 24. Bxc4 dxc4 25. d5 Qe4 26. f3 Qd3 27.
Bf4 Kf8 28. Bd6+ Kg8 29. Qxd3 cxd3 30. Kf2 b5 31. Bc5 f6 32. d6 Bf5 33. g4 Bd7
34. Ke3 f5 35. h3 fxg4 36. hxg4 g6 37. Kxd3 Kf7 38. Be3 Bc6 39. Ke2 h5 40. gxh5
gxh5 41. Bg5 Ke6 42. Be7 h4 43. Bxh4 1/2-1/2

[Event "BL 0203 Hamburger SK - Stuttgarter Sfr"]
[Site "?"]
[Date "2003.03.08"]
[Round "12.7"]
[White "Steingrimsson, Hedinn"]
[Black "Bezold, Michael"]
[Result "1-0"]
[WhiteElo "2390"]
[BlackElo "2468"]
[PlyCount "69"]
[EventDate "2003.??.??"]

1. d4 g6 2. e4 Bg7 3. c4 d6 4. Nc3 c5 5. d5 Nf6 6. Bd3 O-O 7. Nge2 e6 8. O-O
Re8 9. h3 exd5 10. cxd5 c4 11. Bc2 Na6 12. Ng3 Nd7 13. Be3 Ndc5 14. Bd4 Nb4 15.
Bb1 Nbd3 16. Bxg7 Kxg7 17. Bxd3 Nxd3 18. b3 Bd7 19. bxc4 Ne5 20. Rb1 Qc7 21.
Qd4 b6 22. Nd1 Qxc4 23. Qa1 f6 24. Ne3 Qa4 25. f4 Nf7 26. Ng4 Bxg4 27. hxg4 Qa3
28. Rb3 Qc5+ 29. Kh1 h6 30. f5 Rac8 31. fxg6 Ne5 32. Rbf3 Rc7 33. Rxf6 Qc3 34.
Nh5+ Kg8 35. g7 1-0